000
00455nam a2200181Ia 4500
008
090124s9999 xx 000 0 und d
082
_b
10763
_a
2602
100
_a
देसाई रणजित
245
_a
बारी
250
_a
1
260
_c
1959
300
_a
15+223
600
_a
देसाई रणजित
630
_a
बारी
700
_a
देसाई रणजित
730
_a
बारी
942
_c
BOOK
999
_c
124907
_d
124907